Kisah ayam kerdil

Bibliographic Details
Other Authors: Penterjemah Azwani Abdul Ghani
Format: Book
Published: Kuala Lumpur : Kohwai & Young Publications , 2004
Series:Siri cerita dongeng ternama
Subjects:

MARC

LEADER 00000cam a2200000 7i4500
001 0000000498
005 20220105103912.0
008 070702
020 |a 9831915550 
090 0 0 |a JP   |b CT MAL (310) 
245 0 0 |a Kisah ayam kerdil   |c Penterjemah Azwani Abdul Ghani 
260 |a Kuala Lumpur :   |b Kohwai & Young Publications ,   |c 2004 
440 |a Siri cerita dongeng ternama 
500 |a Children age 4-6 years old (yellow) 
650 0 |a Malay fiction 
700 0 |a Penterjemah Azwani Abdul Ghani 
999 |a 0000959645   |b Book   |c Children Collection   |e Perbadanan Perpustakaan Awam Johor 
999 |a 0000959646   |b Book   |c Children Collection   |e Perbadanan Perpustakaan Awam Johor 
999 |a 0000959647   |b Book   |c Children Collection   |e Perbadanan Perpustakaan Awam Johor 
999 |a 0000959648   |b Book   |c Children Collection   |e Perbadanan Perpustakaan Awam Johor 
999 |a 0000971909   |b Book   |c Children Collection   |e Cawangan Bukit Gambir 
999 |a 0000971910   |b Book   |c Children Collection   |e Cawangan Bukit Gambir